Classifica Marcatori Atalanta All-Time - Statistics

Statistiche generali
  • Questo quiz è stato fatto 125 volte
    54 dall'ultimo reset
  • Il punteggio medio è 6 su 10
Statistiche sulle risposte
Gol Nazione Calciatore % Corretto
82 Colombia Duván Zapata
100%
60 Slovenia Josip Ilicic
100%
68 Colombia Luis Muriel
98%
59 Argentina Papu Gómez
94%
59 Croazia Mario Pasalic
88%
112 Italia Cristiano Doni
80%
56 Argentina Germán Denis
51%
56 Italia Adriano Bassetto
4%
54 Danimarca Poul Rasmussen
2%
65 Italia Severo Cominelli
2%
Nessun quiz corrispondente trovato
Distribuzione punteggi
Percentuale di utenti per punteggio
Percentile per numero di risposta
I tuoi punteggi nel tempo
Non hai fatto questo quiz dall'ultimo reset